BIBLIOTHÈQUE DE LA MAISON DU MEXIQUE

Logo 1 Logo 2

You are under arrest (notice nᵒ 10730)

détails MARC
000 -Sello discográfico
campo de control de longitud fija 00837nam a2200325 4500
005 - Identificación de versión
campo de control 20251016083357.0
035 ## - Otros números de control del sistema
Número de control del sistema 3708
099 ## - fechas locales
Tipo de ítem Koha LIBRO
100 ## - Datos de procesamiento general
Datos de procesamiento general 20040213d2003 m y1spay5003 ba
105 ## - Campo de datos codificados: Material textual, monográfico
Datos codificados de monografía a 001zy
200 1# - Título y mención de responsabilidad
Título propio You are under arrest
Designación general del material texto impreso
Otra información del título 2000-2002
Primer mención de responsabilidad Jonathan Hernández
210 ## - Publicación, distribución, etc.
Lugar de publicación, distribución, etc. Madrid
Nombre del editor, distribuidor, etc. Galería Gráfica La Caja Negra
Fecha de publicación, distribución, etc. 2003
215 ## - Descripción física
Designación de material específico y extensión del ítem s.p
Otras características físicas principalmente fotos
Dimensiones 21 cm
318 ## - Nota de acción
Acción No se presta a domicilio
345 ## - Nota de información de adquisición
Fuente de adquisición/dirección de la suscripción [OBSOLETO] Donación
606 ## - Término temático usado como materia
Elemento de entrada Fotografías
Número Koha 6056
676 ## - Clasificación Decimal Dewey
Número R779.8 H557u
700 ## - Nombre personal - Responsabilidad primaria
Elemento de entrada Hernández
Parte del nombre distinta del elemento de entrada Jonathan
Número Koha 17219
801 #0 - Fuente de origen
Agencia cm
900 ## -
-- 1/6411
900 ## -
-- 7100418173\130204
942 ## - ELEMENTOS DE ENTRADA SECUNDARIOS (KOHA)
Tipo de ítem Koha Livre

Pas d'exemplaire disponible.